| 000 | 00565nam a22001577a 4500 | ||
|---|---|---|---|
| 008 | 210714b ||||| |||| 00| 0 eng d | ||
| 020 | _a9781451465730 | ||
| 050 |
_a BT103 _b.K55 2014 |
||
| 100 | _aKirkpatrick, Frank G., | ||
| 245 |
_aThe mystery and agency of God : _bdivine being and action in the world / _cFrank G. Kirkpatrick. |
||
| 260 |
_aMinneapolis : _bFortress Press, _c[2014] |
||
| 300 |
_axvii, 163 pages ; _c23 cm |
||
| 500 | _a Includes bibliographical references | ||
| 650 |
_aProvidence and government of God _xChristianity. |
||
| 942 |
_2lcc _cBK |
||
| 999 |
_c56597 _d56597 |
||